| 000 | | | 05342nac2a22003733x 450 |
| 001 | | | 2e19198b-b4c4-45a2-ba07-76006fe4de71 |
| 005 | | | 20240723150200.0 |
| 100 | ## | $a | 20240716l1881 k y0rusy50 ca |
| 101 | 0# | $a | rus |
| 102 | ## | $a | RU |
| 105 | ## | $a | y z ||||| |
| 122 | 0# | $a | d18811231 |
| 200 | 1# | $a | Копия резолюции Александра III на письмо Абазы А. А., написанная рукой Лорис-Меликова М. Т. |
| | $j | 1881 |
| 215 | ## | $a | 3 листа |
| | $d | 31,3 х 22,3 |
| 251 | ## | $c | Дело |
| 300 | ## | $a | Лист: 3 - конверт |
| 300 | ## | $a | Заголовок дела на папке: Копия резолюции Александра III на письме А. А. Абазы, написанная рукою М. Т. Лорис-Меликова |
| 300 | ## | $a | Рукописный текст |
| 324 | ## | $a | Копия |
| 325 | ## | $a | Замикрофильмировано |
| 330 | ## | $a | Входит в раздел описи: Материалы, относящиеся к деятельности Лорис-Меликова М. Т. в Верховной Распорядительной Комиссии |
| 461 | #0 | $1 | 001cda3d175-ae4a-411a-8dea-9cc20fb178f6 |
| | $1 | 2001 |
| | $a | Лорис-Меликов Михаил Тариелович, граф, министр внутренних дел, главный начальник "верховной распорядительной комиссии по охранению государственного порядка и общественного спокойствия", генерал от кавалерии |
| | $1 | 251 |
| | $c | Фонд |
| | $1 | 852 |
| | $j | 569 |
| 462 | #0 | $1 | 001163e060a-d7cc-404d-90ee-e28c9801971b |
| | $1 | 2001 |
| | $a | Опись дел фонда М. Т. Лорис-Меликова за 1858-1915 гг. |
| | $v | Д. 103 |
| | $1 | 251 |
| | $c | Опись |
| | $1 | 852 |
| | $j | 1 |
| 517 | 1# | $a | Копия резолюции Александра III на письме А. А. Абазы, написанная рукою М. Т. Лорис-Меликова |
| 600 | #1 | $a | Лорис-Меликов |
| | $b | М. Т. |
| | $g | Михаил Тариелович |
| 600 | #0 | $a | Александр |
| | $d | III |
| 600 | #1 | $a | Абаза |
| | $b | А. А. |
| 605 | ## | $3 | DITM\AF\0000002775 |
| | $a | Власть |
| | $l | коллекция |
| | $2 | acquisition_prlib |
| 610 | 1# | $a | Письма |
| | $a | Резолюции |
| 686 | ## | $a | 63.3(2)535-332ю1 |
| | $c | История |
| | $2 | rubbk |
| 686 | ## | $a | 67.400.6ю1 |
| | $c | Право |
| | $2 | rubbk |
| 801 | #0 | $a | RU |
| | $b | GA_RF |
| 801 | #1 | $a | RU |
| | $b | ГлавНИВЦ |
| | $c | 20240716 |
| | $2 | rusmarc |
| 801 | #2 | $a | RU |
| | $b | ПБ им. Б.Н. Ельцина |
| | $c | 20240723 |
| | $g | RCR |
| | $2 | rusmarc |
| 852 | ## | $a | ГА РФ |
| | $j | 103 |
| 937 | ## | $d | 193080645 |
| | $h | ГАРФ |
| 035 | ## | $a | RuPRLIB51076801 |
| 856 | ## | $u | http://readingroom.main.prlib.ru/item.aspx?id_node=n193080645&mode=full |